| 000 | 00726nam a2200277Ia 4500 | ||
|---|---|---|---|
| 008 | 160803s9999 xx 000 0 und d | ||
| 020 | _a9780590447256 | ||
| 100 | _aGuarino, Deborah | ||
| 245 | _aIs your mama a Llama? / | ||
| 245 | _cby Deborah Guarino ; pictures by Steven Kellogg. | ||
| 260 | _aNew York : | ||
| 260 | _bScholastic Inc. | ||
| 260 | _c1989 | ||
| 300 | _a32 unnumbered pages : | ||
| 300 | _bcolor illustrations ; | ||
| 300 | _c26 cm. | ||
| 650 | _aFriendship -- | ||
| 650 | _aLlamas -- | ||
| 650 | _aMothers -- | ||
| 650 | _aParent and child -- | ||
| 650 | _xFiction. | ||
| 650 | _xJuvenile poetry. | ||
| 650 | _xJuvenile poetry. | ||
| 650 | _xJuvenile poetry. | ||
| 700 | _a290 | ||
| 999 |
_c298870 _d298870 |
||